000 01239nam a2200313 i 4500
003 DO-SdBNP
005 20250613141750.0
007 ta
008 250613t1980 dr a 000 0 spa d
040 _aDO-SdBNP
_bspa
_cBNPHU
_erda
082 _axxxx
_bG196
_222
100 1 _aGandra, Domingo Das
_eautor
_4aut.
_987025
245 1 0 _aSalud comunitaria y participación de la comunidad /
_cDomingo Das Gandra, Sebastián Laureiro, Jaimilson Paim Silua, Patricio Rivas Hevias, Catalina Eibenschutz, Pierre T. Claudet
264 _aSanto Domingo :
_bSESPAS,,
_c1980.
300 _a95 páginas
_bilustraciones
_c21 cm.
336 _atexto
_btxt
_2rdacontent
337 _asin mediación
_bn
_2rdamedia
338 _avolumen
_bnc
_2rdacarrier
490 1 _aSESPAS
_aSalud y comunidad
590 _aInventariado, 2025/ YL
700 1 _aLaureiro, Sebastián
_eautor
_4aut.
_972793
700 1 _aPaim Silua, Jaimilson
_eautor
_4aut.
_988112
700 1 _aRivas Hevias, Patricio
_eautor
_4aut.
_988113
700 1 _aEibenschutz, Catalina
_eautora
_4aut.
_988114
700 1 _aClaudet, Pierre T.
_eautor
_4aut.
_988115
710 _aSecretaría de Estado de Salud Pública y Asistencia Social (SESPAS)
_988116
910 _aYLockward
942 _2ddc
_cLBS1
999 _c59279
_d59279